Statistics for Modern Word Abbreviations

Click here to take the quiz!

General Stats

  • This quiz has been taken 87,042 times
    (21,593 since last reset)
  • The average score is 23 of 27

Answer Stats

Shortened WordLong Version% Correct
picpicture
99%
brobrother
98%
obviobviously
98%
famfamily
97%
favefavorite
97%
congratscongratulations
96%
lil'little
96%
ridicridiculous
96%
'cusbecause
95%
fabfabulous
95%
delishdelicious
92%
pervpervert
92%
appapplication
90%
legitlegitimate
88%
sussuspicious
87%
'tudeattitude
86%
prollyprobably
85%
peepspeople
80%
tellytelevision
80%
cuzcousin
78%
'rentsparents
77%
totestotally
77%
'burbsuburb
71%
'zapizza
67%
perpperpetrator
63%
'roidsteroid
58%
indieindependent
56%

Score Distribution

Percentile by Number Answered

Percent of People with Each Score

Your Score History

You have not taken this quiz since the last reset